000 00777nam a2200253 i 4500
001 15104
003 ES-MaACL
005 20240227135320.0
007 t|
008 991220s1999 sp ||||1| spa d
020 _a84-339-0573-2
080 _a396"19"
100 1 _aLipovetsky, Gilles.
_972497
245 1 3 _aLa tercera mujer
_b: permanencia y revolución de lo femenino /
_cGilles Lipovetsky ; traducción de Rosa Alapont.
250 _a3ª ed.
260 _aBarcelona :
_bAnagrama,
_c1999.
300 _a297 p. ;
_c22 cm.
490 1 _aColección Argumentos ;
_v223
650 1 4 _aMujeres-
_yS.XX.
_915314
700 1 _aAlapont, Rosa
_919120
830 0 _aColección Argumentos ;
_v223
_9178071
852 _aES-MaACL
_jL-22437
_bR.127646
999 _c15104
_d15104